Programování v jazyku Simula 67

Salvato in:
Dettagli Bibliografici
Autore principale: Benda, Zdeněk
Altri autori: Staudek, Jan
Natura: Libro
Lingua:ceco
Pubblicazione: Praha Státní nakladatelství technické literatury 1978
Tags: Aggiungi Tag
Nessun Tag, puoi essere il primo ad aggiungerne!!

MARC

LEADER 00000nam a2200000 4500
001 c119634
005 20041019155214.7
041 0 |a cze 
044 |a CZ 
245 1 0 |a Programování v jazyku Simula 67  |c Zdeněk Benda, Jan Staudek 
264 1 |a Praha  |b Státní nakladatelství technické literatury  |c 1978 
300 |a 254 s. 
100 1 |a Benda, Zdeněk 
700 1 |a Staudek, Jan